| 000 | 01783nam a22002537a 4500 | ||
|---|---|---|---|
| 003 | AR-RoUNCS | ||
| 005 | 20251027101608.0 | ||
| 008 | 251027t2014 ag |||||r|||| 00| 0 spa d | ||
| 020 | _a978-987-609-446-7 | ||
| 040 |
_aAR-RoUNCS _cAR-RoUNCS |
||
| 080 | _094(=1.82-82) | ||
| 100 | 1 |
_a Martínez Sarasola, Carlos, _d1949-2018 _eautor |
|
| 245 | 1 | 0 |
_aBreve historia de los pueblos originarios en la Argentina / _cCarlos Martínez Sarasola. |
| 250 | _a1a ed. | ||
| 260 |
_aBuenos Aires : _bDel Nuevo Extremo, _c2014. |
||
| 300 |
_a268 p. : _b il., mapas, fot. byn ; _c23 cm. |
||
| 490 | 0 | _aColección Pueblos originarios | |
| 504 | _a Bibliografía: p. 267-268. | ||
| 505 | 0 | _aPalabras previas a la tercera edición -- Palabras previas a la presente edición -- Introducción -- Pte. 1: Las culturas originarias: Cap. 1. Los antiguos -- Cap. 2. Las comunidades que ocupaban nuestro territorio en el siglo XVI -- Pte. 2: Las culturas originarias en la conformación nacional: Cap. 3. El drama de la conquista -- Cap. 4. Inmersos en una revolución -- Cap. 5. La quimera de ser libres -- Pte. 3: La cuestión indígena: Cap. 6. De señores de la tierra a minorías étnicas -- Cap. 7. El Estado y las políticas hacia el indígena -- Cap. 8. Viven los indios -- Epílogo. | |
| 520 | 1 | _a "Carlos Martínez Sarasola logra un compendio preciso y actualizado, ágil y atractivo, de su gran libro "Nuestros paisanos los indios", síntesis fundamental de la historia de los pueblos originarios en la Argentina. Esta breve historia, dirigida principalmente a los jóvenes, se propone difundir el tema indígena ante el más amplio público posible." -- (Contratapa). | |
| 650 | 4 |
_aPUEBLOS INDÍGENAS _xHISTORIA _zARGENTINA |
|
| 650 | 4 |
_aABORÍGENES ARGENTINOS _xHISTORIA |
|
| 942 |
_2udc _cOG _n0 |
||
| 999 |
_c647 _d647 |
||